| 000 | 00645nam a22002417a 4500 | ||
|---|---|---|---|
| 003 | UA-OsUOA | ||
| 001 | 43222 | ||
| 007 | ta | ||
| 008 | 20061214b un ||||| |||| 00| 0 ukr d | ||
| 100 | _aШемет Т. С. | ||
| 090 |
_a336.748(075.8) _bШ46 |
||
| 942 | _cBK | ||
| 040 |
_aUA-OsUOA _bukr _cUA-OsUOA _dUA-OsUOA |
||
| 245 |
_aТеорія і практика валютного курсу _bЗа ред. Рогача О. І. |
||
| 300 | _a358 с. | ||
| 955 | _a2 | ||
| 041 | _aukr | ||
| 080 | _a336.748(075.8) | ||
| 020 | _a966-06-0434-3 | ||
| 260 |
_aК. _bЛибідь _c2006 |
||
| 650 | 7 |
_a336 Фінанси _2UDC |
|
| 999 |
_c329340 _d329340 |
||